Australian University Rankings - Statistics

General Stats
  • This quiz has been taken 45 times
    31 since last reset
  • The average score is 24 of 38
Answer Stats
Rank World Rank Answer % Correct
2 37 The University of Melbourne
95%
5 47 The University of Queensland
95%
3 38 The University of Sydney
95%
8 108 University of Adelaide
95%
4 43 The University of New South Wales
91%
1 27 The Australian National University
86%
7 93 The University of Western Australia
86%
6 58 Monash University
77%
15 213 Queensland University of Technology
77%
18 303 University of Tasmania
77%
28 601-650 Victoria University
77%
25 451 Bond University
73%
20 326 University of South Australia
73%
17 290 Griffith University
68%
13 200 Macquarie University
68%
12 197 The University of Newcastle, Australia
68%
22 407 Flinders University
64%
24 436 University of Canberra
64%
9 133 University of Technology Sydney
64%
10 193 University of Wollongong
64%
23 424 James Cook University
59%
14 206 RMIT University
59%
26 494 Western Sydney University
59%
34 801-1000 Australian Catholic University
55%
16 283 Deakin University
55%
30 651-700 Edith Cowan University
55%
34 801-1000 University of New England Australia
55%
31 701-750 Charles Darwin University
50%
34 801-1000 Charles Sturt University
50%
37 1001-1200 University of Sunshine Coast
50%
11 194 Curtin University
45%
21 362 La Trobe University
45%
27 581-590 Murdoch University
45%
33 751-800 Southern Cross University
45%
31 701-750 University of Southern Queensland
45%
19 321 Swinburne University of Technology
41%
38 1201+ University of Notre Dame, Australia
36%
28 601-650 Central Queensland University
32%
No matching quizzes found
Score Distribution
Percent of People with Each Score
Percentile by Number Answered
Your Score History
You have not taken this quiz since the last reset